[Event "Open A"]
[Site "Frosinone ITA"]
[Date "1997.03.??"]
[Round "5"]
[White "Scagliarini, Bruno"]
[Black "Coppini, Giorgio"]
[Result "0-1"]
[WhiteElo "1728"]
[BlackElo "2195"]
[PlyCount "76"]
[EventDate "1997.03.08"]

1. c4 e5 2. g3 Nf6 3. Bg2 Nc6 4. Nc3 Bb4 5. e3 Bxc3 6. dxc3 Qe7 7. Ne2 d6 8.
O-O a5 9. b3 a4 10. Ba3 O-O 11. Qc2 Re8 12. Rfd1 h6 13. h3 Bd7 14. Nc1 axb3 15.
axb3 e4 16. Ne2 Ne5 17. Nf4 g5 18. Nd5 Nxd5 19. cxd5 Nf3+ 20. Kh1 Qd8 21. Bb2
Rxa1 22. Rxa1 Qc8 23. c4 Bxh3 24. Qc3 Bxg2+ 25. Kxg2 Ne5 26. Qc2 Qf5 27. Bxe5
Qxe5 28. Qd1 Kg7 29. Ra7 Rb8 30. b4 Kg6 31. c5 dxc5 32. bxc5 Rd8 33. d6 Qxc5
34. Rxb7 Rxd6 35. Qb1 Qf5 36. Qf1 Qf3+ 37. Kh2 Rd2 38. Kh3 g4+ 0-1

[Event "Open A"]
[Site "Frosinone ITA"]
[Date "1997.03.??"]
[Round "5"]
[White "Simeoni, Matteo"]
[Black "Gonzini, Gianmaria"]
[Result "1/2-1/2"]
[WhiteElo "1797"]
[BlackElo "1600"]
[PlyCount "40"]
[EventDate "1997.03.08"]

1. e4 c5 2. Nf3 d6 3. Bb5+ Bd7 4. Bxd7+ Qxd7 5. c4 Nc6 6. d3 g6 7. Be3 Bg7 8.
Qd2 e6 9. O-O Nge7 10. Ne1 O-O 11. f4 f5 12. Nc3 Nd4 13. Nf3 Nec6 14. Ne2 Nxe2+
15. Qxe2 b6 16. Rab1 a5 17. Rfd1 e5 18. fxe5 dxe5 19. Bd2 Rae8 20. Bc3 Nd4
1/2-1/2

[Event "Open A"]
[Site "Frosinone ITA"]
[Date "1997.03.??"]
[Round "6"]
[White "Agomeri, Dante"]
[Black "Boccia, Mattia Mario"]
[Result "1-0"]
[WhiteElo "1666"]
[BlackElo "1534"]
[PlyCount "67"]
[EventDate "1997.03.08"]

1. e4 c6 2. d4 d5 3. f3 e5 4. dxe5 Bc5 5. exd5 Qb6 6. d6 Bf2+ 7. Ke2 Bxg1 8.
Qd3 Bd4 9. Nd2 Be6 10. f4 Nh6 11. c3 Bg1 12. Ne4 Nd7 13. b4 Ng4 14. Qg3 h5 15.
h3 h4 16. Qd3 Ngxe5 17. fxe5 Nxe5 18. d7+ Nxd7 19. Nd6+ Kf8 20. Ne4 Rd8 21.
Qd6+ Kg8 22. Rxg1 Qxg1 23. Be3 Qh1 24. Kf2 Rh5 25. Bg5 Re8 26. Re1 Bf5 27. Bd3
Qxe1+ 28. Kxe1 Rxg5 29. Kf2 Bxe4 30. Bxe4 Rge5 31. Bxc6 Re2+ 32. Kg1 R8e6 33.
Qxd7 Rxc6 34. Qd8+ 1-0

[Event "Open A"]
[Site "Frosinone ITA"]
[Date "1997.03.??"]
[Round "6"]
[White "Chiacchiararelli, Antonino"]
[Black "Corinthios, Raimondo"]
[Result "1-0"]
[WhiteElo "1560"]
[BlackElo "1510"]
[PlyCount "79"]
[EventDate "1997.03.08"]

1. d4 Nf6 2. Nf3 b6 3. e3 d5 4. Bd3 e6 5. Nbd2 Nbd7 6. Qe2 c5 7. c3 Bb7 8. e4
dxe4 9. Nxe4 Nxe4 10. Bxe4 Bxe4 11. Qxe4 Rc8 12. Be3 Be7 13. Rd1 Nf6 14. Qc2
Nd5 15. Qa4+ Qd7 16. Qxd7+ Kxd7 17. dxc5 Ke8 18. cxb6 Nxe3 19. fxe3 axb6 20.
Ke2 f6 21. Rd2 Kf7 22. Rhd1 h5 23. Rd7 g5 24. Rb7 Rb8 25. Rdd7 Rxb7 26. Rxb7 g4
27. Nd4 Ra8 28. a3 Re8 29. Nc6 Kf8 30. Nxe7 Rxe7 31. Rxb6 f5 32. a4 Kg7 33. a5
Kf6 34. a6 Ra7 35. b4 Rc7 36. Kd3 Rd7+ 37. Kc2 Ke5 38. Rb7 Rd6 39. b5 Ke4 40.
a7 1-0

[Event "Open A"]
[Site "Frosinone ITA"]
[Date "1997.03.??"]
[Round "6"]
[White "Chiacchiararelli, Bruno"]
[Black "Scagliarini, Bruno"]
[Result "0-1"]
[WhiteElo "1771"]
[BlackElo "1728"]
[PlyCount "70"]
[EventDate "1997.03.08"]

1. d4 e6 2. e4 d5 3. e5 c5 4. c3 Nc6 5. Nf3 Qb6 6. a3 c4 7. Nbd2 Na5 8. g3 f6
9. Bh3 fxe5 10. Nxe5 Nf6 11. O-O Bd6 12. Qe2 O-O 13. Ndf3 Nb3 14. Rb1 Nxc1 15.
Rbxc1 Ne4 16. Nxc4 Qb5 17. b3 Bxa3 18. Rce1 Nxc3 19. Bxe6+ Kh8 20. Qd3 Bxe6 21.
Rxe6 dxc4 22. Qxc3 cxb3 23. Re3 b2 24. Qb3 a6 25. Ne5 Bd6 26. Nc4 Qc6 27. Re6
Rad8 28. Rfe1 Qd5 29. Rxd6 Rxd6 30. Re5 Qxc4 31. Qxc4 b1=Q+ 32. Kg2 Qb2 33. Rf5
Rfd8 34. Qf7 h6 35. Qc7 Qxd4 0-1

[Event "Open A"]
[Site "Frosinone ITA"]
[Date "1997.03.??"]
[Round "6"]
[White "Coppini, Giorgio"]
[Black "Gagliardi, Pietro"]
[Result "1/2-1/2"]
[WhiteElo "2195"]
[BlackElo "2185"]
[PlyCount "43"]
[EventDate "1997.03.08"]

1. g3 c5 2. Bg2 g6 3. e4 Bg7 4. Nc3 Nc6 5. f4 d6 6. Nf3 e6 7. d3 Nge7 8. O-O
O-O 9. Be3 Nd4 10. Bf2 Nec6 11. Kh1 Bd7 12. Rb1 Nxf3 13. Bxf3 b6 14. Ne2 Rc8
15. c3 Qe7 16. Bg2 e5 17. Qd2 Be6 18. b3 Qd7 19. Rbd1 Bg4 20. Rc1 Bh3 21. Bxh3
Qxh3 22. Be3 1/2-1/2

[Event "Open A"]
[Site "Frosinone ITA"]
[Date "1997.03.??"]
[Round "6"]
[White "Cristofari, Mario"]
[Black "Ciarlo, Michele"]
[Result "1-0"]
[WhiteElo "1746"]
[BlackElo "1600"]
[PlyCount "71"]
[EventDate "1997.03.08"]

1. d4 Nf6 2. c4 g6 3. b3 Bg7 4. Bb2 d5 5. e3 e6 6. Nf3 O-O 7. Nbd2 b6 8. Qc2
Nbd7 9. Bd3 c5 10. O-O Bb7 11. h3 Rc8 12. Ne5 cxd4 13. exd4 dxc4 14. bxc4 Nxe5
15. dxe5 Nd7 16. f4 Nc5 17. Be2 Qc7 18. Rac1 Rfd8 19. Nf3 Rd7 20. Rfd1 Rcd8 21.
Rxd7 Rxd7 22. Rd1 Rxd1+ 23. Qxd1 Ne4 24. Qd4 Qc5 25. Qxc5 Nxc5 26. Nd4 a6 27.
Nb3 Ne4 28. Bd4 Bh6 29. Bxb6 Nc3 30. Bf3 Bxf3 31. gxf3 Nxa2 32. c5 Nb4 33. Na5
Kf8 34. c6 Nd5 35. Nc4 Bxf4 36. c7 1-0

[Event "Open A"]
[Site "Frosinone ITA"]
[Date "1997.03.??"]
[Round "6"]
[White "Gatta, Flavio"]
[Black "Abuhamdieh, Arafat"]
[Result "0-1"]
[WhiteElo "1528"]
[BlackElo "1420"]
[PlyCount "126"]
[EventDate "1997.03.08"]

1. e4 e5 2. Nf3 Nf6 3. Nxe5 d6 4. Nf3 Nxe4 5. d4 Be7 6. Bd3 Nf6 7. O-O O-O 8.
Nbd2 Nd5 9. c3 Re8 10. Ne4 h6 11. Qc2 Bg4 12. Ne1 Nd7 13. Ng3 N7f6 14. h3 Bd7
15. Nf3 Bf8 16. Bd2 c5 17. c4 Nc7 18. d5 b5 19. b3 a5 20. Bf5 b4 21. Bxd7 Qxd7
22. Rfe1 Rxe1+ 23. Rxe1 a4 24. Ne4 Nxe4 25. Qxe4 axb3 26. axb3 Ra3 27. Qc2 Ra6
28. Bc1 g5 29. Bb2 Ne8 30. Ra1 Rxa1+ 31. Bxa1 Qa7 32. Qd1 Ng7 33. Bxg7 Bxg7 34.
Nd2 Qa2 35. Ne4 Be5 36. g4 Kg7 37. Ng3 Bxg3 38. fxg3 Qb2 39. Qf3 Qb1+ 40. Kg2
Qb2+ 41. Kg1 Qf6 42. Kf2 Qb2+ 43. Kg1 Qc3 44. Kf2 Qc2+ 45. Kg1 Kg6 46. Kf1 f5
47. gxf5+ Qxf5 48. Kf2 Qxh3 49. g4 Qh2+ 50. Ke3 Qe5+ 51. Kf2 Qf6 52. Kg3 Qc3
53. Kf2 Qxf3+ 54. Kxf3 h5 55. gxh5+ Kxh5 56. Kg3 g4 57. Kg2 Kh4 58. Kh2 g3+ 59.
Kg2 Kg4 60. Kg1 Kf3 61. Kf1 Ke3 62. Kg2 Kd3 63. Kxg3 Kc3 0-1

[Event "Open A"]
[Site "Frosinone ITA"]
[Date "1997.03.??"]
[Round "6"]
[White "Marinelli, Franco"]
[Black "Gorini, Alessandro"]
[Result "1/2-1/2"]
[WhiteElo "1522"]
[BlackElo "1615"]
[PlyCount "82"]
[EventDate "1997.03.08"]

1. d4 d5 2. g3 Nf6 3. Bg2 g6 4. Nf3 Bg7 5. c3 O-O 6. Nbd2 Re8 7. O-O Nbd7 8.
Re1 e5 9. Nxe5 Nxe5 10. dxe5 Rxe5 11. Nf3 Re8 12. Be3 c6 13. Qc1 Ng4 14. Bd2
Qb6 15. e3 Nf6 16. Nd4 Ne4 17. f3 Nxd2 18. Qxd2 Bd7 19. Kh1 Bh6 20. f4 Rad8 21.
b4 Bc8 22. Bf3 f5 23. a3 a6 24. h4 Re7 25. Nb3 Rde8 26. Nc5 Bg7 27. Kg2 Qd8 28.
Nb3 Qd7 29. Re2 Bf6 30. Kf2 Qd8 31. Rh1 h5 32. Rhe1 Qb6 33. Nc5 Qb5 34. Rc1 Qb6
35. Qd3 a5 36. Qc2 axb4 37. axb4 Qd8 38. Ra1 b6 39. Nb3 Bb7 40. Nd4 Qc8 41. Qa4
Kh7 1/2-1/2

[Event "Open A"]
[Site "Frosinone ITA"]
[Date "1997.03.??"]
[Round "6"]
[White "Pantano, Fulvio"]
[Black "Berrino, Umberto"]
[Result "1/2-1/2"]
[WhiteElo "1636"]
[BlackElo "1672"]
[PlyCount "31"]
[EventDate "1997.03.08"]

1. e4 Nf6 2. Nc3 d5 3. exd5 Nxd5 4. d3 e5 5. Nf3 Nc6 6. Be2 Bb4 7. Bd2 O-O 8.
O-O Nxc3 9. Bxc3 Bxc3 10. bxc3 Re8 11. Nd2 Bf5 12. Bf3 Qf6 13. Ne4 Bxe4 14.
Bxe4 Rab8 15. Rb1 g6 16. Qf3 1/2-1/2

[Event "Open A"]
[Site "Frosinone ITA"]
[Date "1997.03.??"]
[Round "6"]
[White "Rovatti, Paolo"]
[Black "Agomeri, Gianluca"]
[Result "0-1"]
[WhiteElo "1603"]
[BlackElo "1729"]
[PlyCount "120"]
[EventDate "1997.03.08"]

1. c4 c5 2. Nc3 Nc6 3. Nf3 Nf6 4. g3 g6 5. Bg2 Bg7 6. O-O O-O 7. d4 cxd4 8.
Nxd4 a6 9. Rb1 Qc7 10. b4 d6 11. Nxc6 bxc6 12. b5 Bf5 13. Rb4 axb5 14. cxb5
cxb5 15. Nxb5 Qc5 16. a3 Rab8 17. Be3 Qe5 18. Bf4 Qc5 19. Be3 Qe5 20. Qb3 Be6
21. Qb2 Qxb2 22. Rxb2 Bc4 23. a4 Ng4 24. Rb4 Nxe3 25. fxe3 Bxe2 26. Rc1 e6 27.
Bc6 Rfc8 28. Nxd6 Bf8 29. Rxb8 Rxb8 30. Nb7 Rc8 31. Na5 Bb4 32. Nb3 Ba6 33. Bb5
Rxc1+ 34. Nxc1 Bxb5 35. axb5 Bd2 36. Nd3 Bxe3+ 37. Kf1 Kf8 38. Ke2 Bb6 39. Ne5
Ke7 40. Nc4 Bc7 41. Ke3 e5 42. b6 Bb8 43. Kd3 f5 44. Na5 Kd6 45. Kc4 e4 46. Kb5
Kd7 47. Ka6 e3 48. Nb3 e2 49. Nc5+ Kc6 50. Nd3 Kd5 51. Kb7 Bd6 52. Kc8 Kd4 53.
Ne1 Ke3 54. b7 Kf2 55. Nd3+ Kf1 56. b8=Q Bxb8 57. Kxb8 e1=Q 58. Nxe1 Kxe1 59.
Kc7 g5 60. Kd6 f4 0-1

[Event "Open A"]
[Site "Frosinone ITA"]
[Date "1997.03.??"]
[Round "6"]
[White "Simeoni, Matteo"]
[Black "Rosato, Luciano"]
[Result "0-1"]
[WhiteElo "1797"]
[BlackElo "1931"]
[PlyCount "84"]
[EventDate "1997.03.08"]

1. e4 g6 2. d4 Bg7 3. Nc3 c6 4. Bc4 d6 5. Qf3 e6 6. Nge2 Nd7 7. O-O Ngf6 8. Bb3
O-O 9. Bg5 h6 10. Bh4 e5 11. Rad1 Qc7 12. Rfe1 g5 13. Bg3 Re8 14. h3 Nf8 15.
dxe5 dxe5 16. Nd4 g4 17. Qe3 exd4 18. Qxd4 Qb6 19. Qd2 Be6 20. Bh4 Bxb3 21.
axb3 Rad8 22. Qc1 Rxd1 23. Rxd1 Nxe4 24. Re1 Nf6 25. Rxe8 Nxe8 26. hxg4 Qd4 27.
Qe1 Qxg4 28. Qxe8 Qxh4 29. Ne4 Qf4 30. c3 Qe5 31. Qxe5 Bxe5 32. f3 Ne6 33. Kf2
f5 34. Nd2 b5 35. b4 Kf7 36. Nb3 Ke7 37. Na5 Kd7 38. Ke3 h5 39. Nb3 h4 40. Nc5+
Nxc5 41. bxc5 Ke6 42. f4 Bc7 0-1

[Event "Open A"]
[Site "Frosinone ITA"]
[Date "1997.03.??"]
[Round "6"]
[White "Vannelli, Vittorio"]
[Black "Scagliarini, Valentina"]
[Result "1-0"]
[WhiteElo "1567"]
[BlackElo "1771"]
[PlyCount "95"]
[EventDate "1997.03.08"]

1. e4 e6 2. d4 d5 3. e5 c5 4. c3 Nc6 5. Nf3 cxd4 6. cxd4 Bb4+ 7. Bd2 Qb6 8. Be2
Bd7 9. Bxb4 Qxb4+ 10. Qd2 Qxd2+ 11. Nbxd2 Nge7 12. O-O O-O 13. Nb3 b6 14. Rac1
Rfc8 15. Ba6 Rc7 16. Rc3 Bc8 17. Bd3 Bb7 18. Rfc1 Rcc8 19. Ne1 Nb4 20. Rxc8+
Rxc8 21. Bb1 Ba6 22. Rxc8+ Nxc8 23. a3 Nc6 24. Bd3 Bxd3 25. Nxd3 N8e7 26. Nf4
Nf5 27. Ne2 Kf8 28. g4 Nh4 29. Nd2 Ke7 30. f4 Kd7 31. Kf2 Ng6 32. Nf3 h6 33. f5
Nge7 34. fxe6+ fxe6 35. Nf4 g6 36. h4 Na5 37. Nd2 Nac6 38. Ke3 Nd8 39. Nf3 Nf7
40. h5 g5 41. Ng6 Nc6 42. Nf8+ Ke7 43. Nh7 Na5 44. Nd2 Kd7 45. Kd3 Nc6 46. b4
a6 47. Kc3 Nfd8 48. a4 1-0

[Event "Open A"]
[Site "Frosinone ITA"]
[Date "1997.03.??"]
[Round "7"]
[White "Abuhamdieh, Arafat"]
[Black "Chiacchiararelli, Bruno"]
[Result "0-1"]
[WhiteElo "1420"]
[BlackElo "1771"]
[PlyCount "38"]
[EventDate "1997.03.08"]

1. d4 d5 2. c4 dxc4 3. e4 Nc6 4. d5 Ne5 5. Qd4 Nd3+ 6. Bxd3 cxd3 7. Qxd3 e5 8.
Qb5+ Bd7 9. Qxb7 Bc5 10. Qa6 Qh4 11. g3 Qxe4+ 12. Qe2 Qxh1 13. Qxe5+ Ne7 14.
Qxg7 Qxg1+ 15. Kd2 Qxf2+ 16. Kd1 Rg8 17. Qxg8+ Nxg8 18. Bd2 Qf1+ 19. Kc2 Bf5+
0-1

[Event "Open A"]
[Site "Frosinone ITA"]
[Date "1997.03.??"]
[Round "7"]
[White "Agomeri, Gianluca"]
[Black "Berrino, Umberto"]
[Result "1-0"]
[WhiteElo "1729"]
[BlackElo "1672"]
[PlyCount "63"]
[EventDate "1997.03.08"]

1. d4 d5 2. c4 e6 3. Nc3 Nf6 4. Bg5 Be7 5. Nf3 Nbd7 6. e3 O-O 7. Rc1 a6 8. Bd3
dxc4 9. Bxc4 b5 10. Bd3 Bb7 11. a4 b4 12. Bxf6 Nxf6 13. Nb1 Rc8 14. Qe2 Ra8 15.
O-O h6 16. Nbd2 Nd7 17. Nb3 a5 18. Qc2 Bxf3 19. gxf3 Bd6 20. f4 Qh4 21. f3 Nf6
22. Qf2 Qh5 23. Nc5 Kh8 24. Ne4 Rg8 25. Kh1 Nxe4 26. fxe4 Ra7 27. Rg1 f6 28. e5
g5 29. exd6 cxd6 30. fxg5 fxg5 31. Qf6+ Rgg7 32. Rc8+ 1-0

[Event "Open A"]
[Site "Frosinone ITA"]
[Date "1997.03.??"]
[Round "7"]
[White "Boccia, Mattia Mario"]
[Black "Marinelli, Franco"]
[Result "1-0"]
[WhiteElo "1534"]
[BlackElo "1522"]
[PlyCount "109"]
[EventDate "1997.03.08"]

1. e4 d6 2. d4 Nf6 3. Nc3 g6 4. Nf3 Bg7 5. h3 O-O 6. Be3 c6 7. a4 a5 8. Bd3
Nbd7 9. Qd2 e5 10. dxe5 Nxe5 11. Nxe5 dxe5 12. O-O Be6 13. Rad1 Qc7 14. Qc1 Nh5
15. Rfe1 Nf4 16. Bf1 Bh6 17. Kh2 Bg7 18. g3 Nh5 19. Be2 Nf6 20. Rd2 Rad8 21.
Red1 Qc8 22. Bf1 h6 23. Bb6 Rxd2 24. Qxd2 Qa8 25. Qd8 Kh7 26. Qxa8 Rxa8 27. Rd8
Rxd8 28. Bxd8 Nd7 29. Bxa5 Bf8 30. Bc7 f6 31. b3 Bc5 32. Kg2 Bd4 33. Nd1 Ba7
34. Ba5 Nc5 35. f3 Kg7 36. Bd2 f5 37. exf5 Bxf5 38. Ne3 Be6 39. Nc4 Bxc4 40.
Bxc4 h5 41. Be3 b6 42. g4 hxg4 43. hxg4 Kf6 44. Bc1 Nd7 45. Bb2 Ke7 46. Kf1 Bb8
47. Ke2 Bd6 48. Bd3 Kf7 49. Be4 c5 50. Bc3 Nf6 51. Ke3 g5 52. Bd2 Nxe4 53. Kxe4
Kf6 54. Kd5 Be7 55. Bc3 1-0

[Event "Open A"]
[Site "Frosinone ITA"]
[Date "1997.03.??"]
[Round "7"]
[White "Ciarlo, Michele"]
[Black "Gatta, Flavio"]
[Result "1/2-1/2"]
[WhiteElo "1600"]
[BlackElo "1528"]
[PlyCount "81"]
[EventDate "1997.03.08"]

1. d4 Nf6 2. c4 c5 3. d5 b5 4. cxb5 a6 5. Nc3 axb5 6. e4 b4 7. Nb5 Nxe4 8. Qe2
Ba6 9. Qxe4 Qb6 10. d6 Bxb5 11. Bxb5 Ra4 12. Bc4 Qxd6 13. Bf4 Qc6 14. Qxc6 Nxc6
15. Nf3 e6 16. Ne5 Nxe5 17. Bxe5 d6 18. Bg3 Be7 19. O-O O-O 20. Rfe1 Re8 21. b3
d5 22. Bd3 Bf6 23. Rac1 Be7 24. Rc2 Rea8 25. Ree2 Ra3 26. Red2 Kf8 27. f4 g6
28. Bf2 R3a5 29. g4 Bd6 30. Bg3 Ke7 31. Kg2 Rg8 32. Bh4+ Kd7 33. Kf3 Be7 34.
Bxe7 Kxe7 35. f5 Rf8 36. Kf4 h6 37. Ke5 f6+ 38. Kf4 e5+ 39. Kf3 g5 40. Re2 Kd6
41. Red2 1/2-1/2

[Event "Open A"]
[Site "Frosinone ITA"]
[Date "1997.03.??"]
[Round "7"]
[White "Corinthios, Raimondo"]
[Black "Rovatti, Paolo"]
[Result "0-1"]
[WhiteElo "1510"]
[BlackElo "1603"]
[PlyCount "74"]
[EventDate "1997.03.08"]

1. e4 e6 2. d4 c5 3. Nf3 g6 4. Be3 Bg7 5. c3 cxd4 6. cxd4 a6 7. Bd3 Ne7 8. O-O
O-O 9. Qc1 b5 10. Bh6 Bb7 11. Bxg7 Kxg7 12. Nbd2 Nbc6 13. a3 Rc8 14. Qd1 Qb6
15. Nb3 a5 16. Nc5 Rfd8 17. Nxb7 Qxb7 18. Qd2 d6 19. h4 Qb6 20. Be2 d5 21. e5
Nf5 22. Qg5 Ncxd4 23. Qf6+ Kg8 24. Ng5 Nxe2+ 25. Kh1 Qb7 26. Rfe1 Nf4 27. g4
d4+ 28. f3 Nd5 29. Qxd8+ Rxd8 30. gxf5 h6 31. Ne4 exf5 32. Nd6 Qa8 33. Nxb5 Ne3
34. Nxd4 Rxd4 35. Rxe3 Rxh4+ 36. Kg1 Qa7 37. Rae1 f4 0-1

[Event "Open A"]
[Site "Frosinone ITA"]
[Date "1997.03.??"]
[Round "7"]
[White "Gagliardi, Pietro"]
[Black "Rosato, Luciano"]
[Result "1/2-1/2"]
[WhiteElo "2185"]
[BlackElo "1931"]
[PlyCount "160"]
[EventDate "1997.03.08"]

1. e4 g6 2. d4 Bg7 3. f3 d6 4. Be3 c5 5. Nc3 cxd4 6. Bxd4 Nf6 7. Qd2 O-O 8. Nd5
e6 9. Nxf6+ Bxf6 10. O-O-O Bxd4 11. Qxd4 Qa5 12. Bc4 b5 13. Bb3 Rd8 14. Ne2 Nc6
15. Qf6 Qb6 16. Nd4 Nxd4 17. Qxd4 Qxd4 18. Rxd4 Kf8 19. Rhd1 Ke7 20. e5 d5 21.
Rf4 a5 22. a3 Bd7 23. c3 Rdb8 24. Rdd4 Rb6 25. g4 h6 26. h4 Kf8 27. Rf6 Rab8
28. h5 Kg7 29. hxg6 fxg6 30. Bc2 Be8 31. Rff4 b4 32. axb4 axb4 33. Rxb4 Rxb4
34. Rxb4 Rxb4 35. cxb4 Bb5 36. Kd2 h5 37. g5 h4 38. Ke3 d4+ 39. Kf2 Kf7 40. f4
d3 41. Bd1 Bc6 42. Bg4 Ke7 43. Bh3 Be4 44. Ke3 Bf5 45. Bg2 h3 46. Bf3 Kd7 47.
Kd2 Kc7 48. Kc3 Kb6 49. Bh1 Kb5 50. Ba8 h2 51. Bh1 Bh3 52. Kxd3 Kxb4 53. Ke3
Kb3 54. Kf2 Kxb2 55. Kg3 Bf5 56. Kxh2 Kc3 57. Kg3 Kd4 58. Bc6 Ke3 59. Bd7 Kd4
60. Bc8 Ke3 61. Bb7 Bb1 62. Bf3 Bd3 63. Bg4 Bc4 64. Bd1 Bd3 65. Ba4 Bf5 66. Be8
Ke4 67. Ba4 Ke3 68. Bb3 Ke2 69. Ba2 Ke3 70. Bc4 Kd4 71. Be2 Be4 72. Bg4 Bd5 73.
Bh3 Ke3 74. Bf1 Be4 75. Bb5 Bf5 76. Ba4 Bd3 77. Bb3 Bf5 78. Ba4 Kd4 79. Bc6 Ke3
80. Bd7 Kd4 1/2-1/2

[Event "Open A"]
[Site "Frosinone ITA"]
[Date "1997.03.??"]
[Round "7"]
[White "Gonzini, Gianmaria"]
[Black "Pantano, Fulvio"]
[Result "1/2-1/2"]
[WhiteElo "1600"]
[BlackElo "1636"]
[PlyCount "83"]
[EventDate "1997.03.08"]

1. c4 e6 2. Nc3 Nf6 3. g3 d5 4. d4 c6 5. Bg2 Nbd7 6. Bf4 Bb4 7. Qb3 Qa5 8. a3
Bxc3+ 9. bxc3 Nb6 10. c5 Nc4 11. e3 O-O 12. Bf1 Ne4 13. Bxc4 dxc4 14. Qb4 Qxb4
15. cxb4 b6 16. f3 Nf6 17. Rc1 b5 18. Ne2 Nd5 19. Bd6 Re8 20. Kf2 f6 21. e4 Ne7
22. Nc3 Ng6 23. Rhd1 Bb7 24. d5 exd5 25. exd5 Rad8 26. f4 a6 27. dxc6 Bxc6 28.
Nd5 Bxd5 29. Rxd5 Ne7 30. Rdd1 Nc6 31. Bc7 Rxd1 32. Rxd1 Kf7 33. f5 Re7 34. Bf4
a5 35. bxa5 Nxa5 36. Rd6 Nb7 37. Rd4 Na5 38. Rd6 Nb7 39. Rd4 Na5 40. Bd2 Nc6
41. Rd6 Rc7 42. Bb4 1/2-1/2

[Event "Open A"]
[Site "Frosinone ITA"]
[Date "1997.03.??"]
[Round "7"]
[White "Gorini, Alessandro"]
[Black "Cristofari, Mario"]
[Result "0-1"]
[WhiteElo "1615"]
[BlackElo "1746"]
[PlyCount "68"]
[EventDate "1997.03.08"]

1. d4 d5 2. c4 e6 3. Nc3 Nf6 4. Bg5 Nbd7 5. e3 Be7 6. Nf3 O-O 7. Rc1 c6 8. c5
Re8 9. Bd3 h6 10. Bh4 b5 11. a3 a5 12. O-O Ba6 13. b4 Bb7 14. Bb1 axb4 15. axb4
Ra3 16. Nd2 e5 17. Nb3 e4 18. Na5 Qa8 19. Qe2 Rxa5 20. bxa5 b4 21. Na2 Ba6 22.
Qd2 Bxf1 23. Rxf1 Qxa5 24. Qxb4 Qa7 25. Qd2 Rb8 26. Qc2 Qa3 27. Qd1 Rb2 28. Qe1
Bd8 29. f3 Ba5 30. Qg3 Qxe3+ 31. Kh1 Qb3 32. Qf4 Rxb1 33. fxe4 Rxf1+ 34. Qxf1
Qxa2 0-1

[Event "Open A"]
[Site "Frosinone ITA"]
[Date "1997.03.??"]
[Round "7"]
[White "Scagliarini, Valentina"]
[Black "Chiacchiararelli, Antonino"]
[Result "0-1"]
[WhiteElo "1771"]
[BlackElo "1560"]
[PlyCount "69"]
[EventDate "1997.03.08"]

1. e4 c6 2. d4 d5 3. exd5 cxd5 4. Nf3 Nf6 5. c3 e6 6. Bg5 Be7 7. Nbd2 Nbd7 8.
Bd3 b6 9. O-O O-O 10. Qe2 Bb7 11. Rae1 Re8 12. Nh4 Qc7 13. f4 h6 14. Bxf6 Nxf6
15. g3 Bd6 16. Ndf3 Ne4 17. Nd2 f5 18. Ndf3 Kf7 19. Ne5+ Bxe5 20. fxe5 Ke7 21.
Ng6+ Kd8 22. Rc1 Rc8 23. g4 fxg4 24. Qxg4 Qd7 25. Rf4 Kc7 26. Rcf1 Kb8 27. Rf7
Qa4 28. a3 Nd2 29. R1f2 Ne4 30. R2f4 Qb3 31. Qe2 Nxc3 32. bxc3 Rxc3 33. Rf3
Qxa3 34. Rxg7 Ba6 35. Bxa6 0-1

[Event "Open A"]
[Site "Frosinone ITA"]
[Date "1997.03.??"]
[Round "7"]
[White "Vannelli, Vittorio"]
[Black "Coppini, Giorgio"]
[Result "0-1"]
[WhiteElo "1567"]
[BlackElo "2195"]
[PlyCount "46"]
[EventDate "1997.03.08"]

1. e4 d6 2. d4 Nf6 3. Nc3 g6 4. Bc4 Bg7 5. Qe2 c6 6. e5 dxe5 7. dxe5 Nd5 8. Bd2
Nxc3 9. Bxc3 Na6 10. Rd1 Qc7 11. Bxf7+ Kxf7 12. e6+ Kg8 13. Bxg7 Kxg7 14. Nf3
Rf8 15. Qc4 Rf6 16. O-O Bxe6 17. Qc3 Bg4 18. Ne5 Bxd1 19. Rxd1 Rd8 20. Re1 h5
21. Nf3 Qd6 22. Ng5 Nc7 23. Ne4 Qd4 0-1

[Event "Open A"]
[Site "Frosinone ITA"]
[Date "1997.03.??"]
[Round "8"]
[White "Abuhamdieh, Arafat"]
[Black "Gorini, Alessandro"]
[Result "0-1"]
[WhiteElo "1420"]
[BlackElo "1615"]
[PlyCount "80"]
[EventDate "1997.03.08"]

1. e4 c5 2. Nf3 d6 3. d4 cxd4 4. Nxd4 a6 5. c4 Nf6 6. Nc3 g6 7. b3 Qa5 8. Bd2
Qb6 9. Nc2 Bg7 10. Na4 Qc7 11. Bc3 O-O 12. Bd3 Bd7 13. Nb2 Nc6 14. Ne3 Ne5 15.
Bc2 Rad8 16. O-O Bc6 17. Nd5 Bxd5 18. exd5 Rc8 19. Rc1 b5 20. Bxe5 dxe5 21. Qe2
bxc4 22. bxc4 Nd7 23. Bb1 Nc5 24. Nd3 Rb8 25. Nxc5 Qxc5 26. Kh1 Rb6 27. g4 Rfb8
28. Be4 Rb2 29. Rc2 R2b6 30. g5 f5 31. gxf6 Rxf6 32. Rg1 Rbf8 33. h3 Bh6 34.
Rc3 Rb6 35. h4 Bf4 36. Bc2 Rb2 37. Qe4 Rb6 38. Rb3 Qxf2 39. Rg2 Qf1+ 40. Rg1
Qh3+ 0-1

[Event "Open A"]
[Site "Frosinone ITA"]
[Date "1997.03.??"]
[Round "8"]
[White "Berrino, Umberto"]
[Black "Rovatti, Paolo"]
[Result "0-1"]
[WhiteElo "1672"]
[BlackElo "1603"]
[PlyCount "80"]
[EventDate "1997.03.08"]

1. e4 e6 2. d4 c5 3. Nf3 cxd4 4. Nxd4 Bc5 5. c3 Qb6 6. Qd2 Nf6 7. f3 O-O 8. Nb3
Be7 9. Qe3 Qc7 10. Bd3 a5 11. a4 Na6 12. Bxa6 bxa6 13. O-O Rb8 14. N1d2 Rb6 15.
Kh1 e5 16. Nxa5 Nh5 17. b4 Rg6 18. Ndc4 d6 19. Qe2 Bh4 20. Be3 Bg3 21. h3 Qe7
22. f4 Bxh3 23. Qxh5 Bg4 24. Nc6 Qf6 25. Qxg4 Rxg4 26. Rfd1 Qh4+ 27. Kg1 exf4
28. Bd4 Qh2+ 29. Kf1 Qh1+ 30. Ke2 Qxg2+ 31. Kd3 Qf3+ 32. Kc2 Qxe4+ 33. Kb3 Qxc6
34. Bxg7 Rxg7 35. Rxd6 Qb7 36. Rad1 f3 37. Rf6 Rg6 38. Rf5 Rc8 39. Rd3 Rxc4 40.
Kxc4 Qe4+ 0-1

[Event "Open A"]
[Site "Frosinone ITA"]
[Date "1997.03.??"]
[Round "8"]
[White "Chiacchiararelli, Antonino"]
[Black "Vannelli, Vittorio"]
[Result "1/2-1/2"]
[WhiteElo "1560"]
[BlackElo "1567"]
[PlyCount "45"]
[EventDate "1997.03.08"]

1. d4 Nf6 2. c4 d6 3. Nf3 g6 4. e3 Bg7 5. Be2 Nbd7 6. b3 Ne4 7. Bb2 Ndf6 8. O-O
O-O 9. Nc3 Nxc3 10. Bxc3 Ne4 11. Bb2 c6 12. Nd2 Nxd2 13. Qxd2 e5 14. dxe5 dxe5
15. Qc3 Qe7 16. Rfd1 Re8 17. Rd2 Qg5 18. Rad1 Bf5 19. Bf3 Bg4 20. Bxg4 Qxg4 21.
Rd7 Rab8 22. h3 Qh4 23. Qa5 1/2-1/2

[Event "Open A"]
[Site "Frosinone ITA"]
[Date "1997.03.??"]
[Round "8"]
[White "Cristofari, Mario"]
[Black "Boccia, Mattia Mario"]
[Result "1-0"]
[WhiteElo "1746"]
[BlackElo "1534"]
[PlyCount "59"]
[EventDate "1997.03.08"]

1. d4 d5 2. c4 c6 3. e3 Nf6 4. Nc3 a6 5. b3 Bf5 6. Nf3 e6 7. c5 Nbd7 8. Bd2 Qc7
9. Nh4 Bg6 10. Nxg6 hxg6 11. f4 Be7 12. Qf3 b6 13. cxb6 Qxb6 14. Na4 Qa7 15. b4
Ne4 16. Nc5 Ndxc5 17. bxc5 Bh4+ 18. g3 Bd8 19. Bd3 Nxd2 20. Kxd2 a5 21. h4 Bc7
22. h5 Rb8 23. hxg6 Rb2+ 24. Bc2 Rxh1 25. gxf7+ Kxf7 26. Rxh1 Qb8 27. Qh5+ Kg8
28. Qg6 Qb4+ 29. Kd1 Rxc2 30. Qe8# 1-0

[Event "Open A"]
[Site "Frosinone ITA"]
[Date "1997.03.??"]
[Round "8"]
[White "Gagliardi, Pietro"]
[Black "Pantano, Fulvio"]
[Result "1-0"]
[WhiteElo "2185"]
[BlackElo "1636"]
[PlyCount "73"]
[EventDate "1997.03.08"]

1. e4 e5 2. Nf3 Nc6 3. Bb5 a6 4. Ba4 b5 5. Bb3 Nf6 6. O-O Be7 7. Re1 d6 8. c3
O-O 9. h3 Na5 10. Bc2 c5 11. d4 Qc7 12. d5 c4 13. Nbd2 Bd7 14. Nf1 Nb7 15. g4
Nc5 16. Ng3 Rfb8 17. a3 a5 18. Qe2 Na6 19. Bd2 Nc5 20. Kg2 Nb3 21. Bxb3 cxb3
22. g5 Ne8 23. Nh2 Rc8 24. Ng4 Qc4 25. Qf3 Qc7 26. h4 Qd8 27. Rh1 Rc5 28. Ne3
Rac8 29. Nef5 Bf8 30. h5 Rc4 31. Rh4 R8c7 32. Rah1 Qc8 33. g6 Nf6 34. Bg5 Be8
35. Bxf6 gxf6 36. g7 Be7 37. Rg4 1-0